| 000 | 00551cam a2200217 4500 | ||
|---|---|---|---|
| 001 | D7107 | ||
| 008 | 090401t1985 xxu||||| |||| 00| 0 eng d | ||
| 035 | _a(Sirsi) u5199 | ||
| 041 | _aeng | ||
| 050 | _a698.1 | ||
| 100 | _aMiller, E. | ||
| 245 | _aLead driers in paint: implications of their removal | ||
| 260 |
_aGarston, Watford _bBuilding Research Establishment _c1985 |
||
| 300 | _a4p. 30cm | ||
| 350 | _a0 | ||
| 490 |
_aInformation Paper _v12/85 |
||
| 520 | _aCaption title | ||
| 700 | _aBoxall, J. | ||
| 942 | _n0 | ||
| 948 | _c04/03/1997 | ||
| 999 |
_c86139 _d86139 |
||